O gigante egoísta | O príncipe feliz (Registo nº 4529)

Detalhes MARC
000 -Etiqueta do registo
Cabeçalho 00809nam0a2200277 4500
005 - Identificador da versão
Campo de controlo 20240813122104.0
010 ## - Número internacional normalizado dos livros (ISBN)
Número (ISBN) 9789720726841
021 ## - Número do Depósito Legal
Código do país PT
Número 362730/13
100 ## - Dados gerais de processamento
Dados gerais de processamento 20161110d2014 c y0pory50030103ba
102 ## - Pais de publicação ou produção
País de publicação Portugal
101 1# - Língua de publicação
Língua do texto, banda sonora, etc. Português
Língua do documento no original Inglês
215 ## - Descrição física 
Indicação específica da natureza do documento e extensão da espécie 55 p.
Outras indicações físicas il. color
200 1# - Titulo e menção de responsabilidade
Título próprio O gigante egoísta
-- O príncipe feliz
Primeira menção de responsabilidade Oscar Wilde
Outras menções de responsabilidade il. Raquel Pinheiro
225 1# - Colecção 
Título próprio da colecção Educação literária
210 ## - Publicação, Distribuição, etc. 
Lugar da edição, distribuição, etc. Porto
Nome do editor, distribuidor, etc. Porto Ed.
Data da publicação, distribuição, etc. 2014
300 ## - Notas gerais 
Texto da nota Metas Curriculares
Texto da nota PNL
606 ## - Nome comum usado como assunto
Número de registo de entrada de autoridade 0001379
Palavra de ordem Literatura irlandesa
Subdivisão de assunto Conto
Código do sistema CA
675 ## - Classificação Decimal Universal (CDU)
Notação 821.111(417)-34
Edição 3ª ed.
Língua da edição por
702 #1 - Nome de autor-pessoa física (responsabilidade secundária)
Número de registo de entrada de autoridade 0001449
Palavra de ordem Pinheiro
Outra parte do nome não tomada para palavra de ordem Raquel
Datas 1976-
Código de função Ilustrador / Técnico de desenho computorizado
700 #1 - Nome de autor-pessoa física (responsabilidade principal)
Número de registo de entrada de autoridade 0001448
Palavra de ordem Wilde
Outra parte do nome não tomada para palavra de ordem Oscar
Datas 1854-1900
966 ## - Identificação da Biblioteca
Sigla EBVEN
942 ## - Elementos de entrada adicionados (Koha)
Tipo de item no Koha Livro
Exemplares
Situação do levantamento Origin of item (home branch) (coded) Biblioteca de empréstimo Código de barras Cota Circulation type (not for loan) Tipo de documento Nota do exemplar Damaged status Nº de registo manual
  Biblioteca Escolar da Coca Maravilhas Biblioteca Escolar da Coca Maravilhas BECM20230 8C WIL   Livro Sem mensagem   20230
  Biblioteca Escolar das Vendas Biblioteca Escolar das Vendas BEV2541 8EST WIL MET PNL   Livro Sem mensagem